<?xml version="1.0" encoding="UTF-8"?>
<record
    xmlns:xsi="http://www.w3.org/2001/XMLSchema-instance"
    xsi:schemaLocation="http://www.loc.gov/MARC21/slim http://www.loc.gov/standards/marcxml/schema/MARC21slim.xsd"
    xmlns="http://www.loc.gov/MARC21/slim">

  <leader>01638nam2a2200217   4500</leader>
  <controlfield tag="001">RU\NLR\PER_A\011169609_000290</controlfield>
  <controlfield tag="005">20250624155621.0</controlfield>
  <datafield tag="035" ind1=" " ind2=" ">
    <subfield code="a">(NLR Aleph) 012786383</subfield>
  </datafield>
  <datafield tag="090" ind1=" " ind2=" ">
    <subfield code="a">13139253</subfield>
    <subfield code="c">13139253</subfield>
  </datafield>
  <datafield tag="100" ind1=" " ind2=" ">
    <subfield code="a">20220513d2021    |||y0rusy50      ca</subfield>
  </datafield>
  <datafield tag="101" ind1="0" ind2=" ">
    <subfield code="a">rus</subfield>
  </datafield>
  <datafield tag="102" ind1=" " ind2=" ">
    <subfield code="a">RU</subfield>
  </datafield>
  <datafield tag="200" ind1="1" ind2=" ">
    <subfield code="a">&#x41C;&#x430;&#x442;&#x435;&#x440;&#x438;&#x430;&#x43B;&#x44B; &#x43D;&#x430;&#x443;&#x447;&#x43D;&#x43E;-&#x43F;&#x440;&#x430;&#x43A;&#x442;&#x438;&#x447;&#x435;&#x441;&#x43A;&#x43E;&#x439; &#x43A;&#x43E;&#x43D;&#x444;&#x435;&#x440;&#x435;&#x43D;&#x446;&#x438;&#x438; &#x441; &#x43C;&#x435;&#x436;&#x434;&#x443;&#x43D;&#x430;&#x440;&#x43E;&#x434;&#x43D;&#x44B;&#x43C; &#x443;&#x447;&#x430;&#x441;&#x442;&#x438;&#x435;&#x43C; "&#x421;&#x438;&#x431;&#x438;&#x440;&#x441;&#x43A;&#x430;&#x44F; &#x448;&#x43A;&#x43E;&#x43B;&#x430; &#x43F;&#x440;&#x435;&#x432;&#x435;&#x43D;&#x442;&#x438;&#x432;&#x43D;&#x43E;&#x439; &#x441;&#x443;&#x438;&#x446;&#x438;&#x434;&#x43E;&#x43B;&#x43E;&#x433;&#x438;&#x438; &#x438; &#x434;&#x435;&#x432;&#x438;&#x430;&#x43D;&#x442;&#x43E;&#x43B;&#x43E;&#x433;&#x438;&#x438;. &#x41E;&#x441;&#x435;&#x43D;&#x43D;&#x44F;&#x44F; &#x441;&#x435;&#x441;&#x441;&#x438;&#x44F;", 11 &#x43D;&#x43E;&#x44F;&#x431;&#x440;&#x44F; 2021 &#x433;., &#x433;. &#x422;&#x44E;&#x43C;&#x435;&#x43D;&#x44C;</subfield>
    <subfield code="f">&#x424;&#x413;&#x411;&#x41E;&#x423; &#x412;&#x41E; "&#x422;&#x44E;&#x43C;. &#x433;&#x43E;&#x441;. &#x43C;&#x435;&#x434;. &#x443;&#x43D;-&#x442;" &#x41C;&#x438;&#x43D;&#x437;&#x434;&#x440;&#x430;&#x432;&#x430; &#x420;&#x43E;&#x441;&#x441;&#x438;&#x438;</subfield>
    <subfield code="g">&#x43F;&#x43E;&#x434; &#x440;&#x435;&#x434;. &#x43F;&#x440;&#x43E;&#x444;. &#x41F;.&#x411;. &#x417;&#x43E;&#x442;&#x43E;&#x432;&#x430;</subfield>
  </datafield>
  <datafield tag="210" ind1=" " ind2=" ">
    <subfield code="d">2021</subfield>
    <subfield code="a">&#x411;. &#x43C;.</subfield>
  </datafield>
  <datafield tag="461" ind1=" " ind2="0">
    <subfield code="1">001RU\NLR\Per\1239966</subfield>
    <subfield code="1">2001#$a&#x41D;&#x430;&#x443;&#x447;&#x43D;&#x44B;&#x439; &#x444;&#x43E;&#x440;&#x443;&#x43C;. &#x421;&#x438;&#x431;&#x438;&#x440;&#x44C;$dScientific forum. Siberia$e&#x43F;&#x435;&#x440;&#x438;&#x43E;&#x434;&#x438;&#x447;&#x435;&#x441;&#x43A;&#x438;&#x439; &#x436;&#x443;&#x440;&#x43D;&#x430;&#x43B; &#x43D;&#x430;&#x443;&#x447;&#x43D;&#x44B;&#x445; &#x440;&#x430;&#x431;&#x43E;&#x442; &#x43C;&#x43E;&#x43B;&#x43E;&#x434;&#x44B;&#x445; &#x443;&#x447;&#x435;&#x43D;&#x44B;&#x445;$zeng$v&#x422;. 7, &#x2116; 2</subfield>
    <subfield code="9">11758652</subfield>
    <subfield code="c">&#x422;&#x44E;&#x43C;&#x435;&#x43D;&#x44C;</subfield>
    <subfield code="d">2015 -</subfield>
    <subfield code="l">Scientific forum. Siberia</subfield>
    <subfield code="n">&#x420;&#x443;&#x441;&#x430;&#x440;&#x440;&#x430;</subfield>
    <subfield code="o">&#x43F;&#x435;&#x440;&#x438;&#x43E;&#x434;&#x438;&#x447;&#x435;&#x441;&#x43A;&#x438;&#x439; &#x436;&#x443;&#x440;&#x43D;&#x430;&#x43B; &#x43D;&#x430;&#x443;&#x447;&#x43D;&#x44B;&#x445; &#x440;&#x430;&#x431;&#x43E;&#x442; &#x43C;&#x43E;&#x43B;&#x43E;&#x434;&#x44B;&#x445; &#x443;&#x447;&#x435;&#x43D;&#x44B;&#x445;</subfield>
    <subfield code="t">&#x41D;&#x430;&#x443;&#x447;&#x43D;&#x44B;&#x439; &#x444;&#x43E;&#x440;&#x443;&#x43C;. &#x421;&#x438;&#x431;&#x438;&#x440;&#x44C;</subfield>
    <subfield code="v">&#x422;. 7, &#x2116; 2</subfield>
  </datafield>
  <datafield tag="710" ind1="1" ind2="2">
    <subfield code="a">"&#x421;&#x438;&#x431;&#x438;&#x440;&#x441;&#x43A;&#x430;&#x44F; &#x448;&#x43A;&#x43E;&#x43B;&#x430; &#x43F;&#x440;&#x435;&#x432;&#x435;&#x43D;&#x442;&#x438;&#x432;&#x43D;&#x43E;&#x439; &#x441;&#x443;&#x438;&#x446;&#x438;&#x434;&#x43E;&#x43B;&#x43E;&#x433;&#x438;&#x438; &#x438; &#x434;&#x435;&#x432;&#x438;&#x430;&#x43D;&#x442;&#x43E;&#x43B;&#x43E;&#x433;&#x438;&#x438;. &#x41E;&#x441;&#x435;&#x43D;&#x43D;&#x44F;&#x44F; &#x441;&#x435;&#x441;&#x441;&#x438;&#x44F;", &#x43D;&#x430;&#x443;&#x447;&#x43D;&#x43E;-&#x43F;&#x440;&#x430;&#x43A;&#x442;&#x438;&#x447;&#x435;&#x441;&#x43A;&#x430;&#x44F; &#x43A;&#x43E;&#x43D;&#x444;&#x435;&#x440;&#x435;&#x43D;&#x446;&#x438;&#x44F; &#x441; &#x43C;&#x435;&#x436;&#x434;&#x443;&#x43D;&#x430;&#x440;&#x43E;&#x434;&#x43D;&#x44B;&#x43C; &#x443;&#x447;&#x430;&#x441;&#x442;&#x438;&#x435;&#x43C;</subfield>
    <subfield code="e">&#x422;&#x44E;&#x43C;&#x435;&#x43D;&#x44C;</subfield>
    <subfield code="f">2021</subfield>
    <subfield code="9">796989</subfield>
    <subfield code="3">RU\NLR\AUTH\880565015</subfield>
  </datafield>
  <datafield tag="852" ind1=" " ind2=" ">
    <subfield code="a">NLR</subfield>
    <subfield code="j">&#x41F;2/1205</subfield>
  </datafield>
  <datafield tag="942" ind1=" " ind2=" ">
    <subfield code="c">ISSUE</subfield>
  </datafield>
  <datafield tag="980" ind1=" " ind2=" ">
    <subfield code="a">NB</subfield>
  </datafield>
  <datafield tag="980" ind1=" " ind2=" ">
    <subfield code="a">RUSPER</subfield>
  </datafield>
</record>
